The brief penguin handbook (Record no. 6349)
[ view plain ]
| 000 -LEADER | |
|---|---|
| fixed length control field | 00800nam a2200181 4500 |
| 020 ## - INTERNATIONAL STANDARD BOOK NUMBER | |
| ISBN | 9780321067326 |
| 022 ## - INTERNATIONAL STANDARD SERIAL NUMBER | |
| ISSN | 0321067320 |
| 050 ## - CALL NUMBER | |
| Classification number | PE1408 |
| Item number | .F243 |
| 245 ## - TITLE | |
| Title | The brief penguin handbook |
| Statement of responsibility, etc | Faigley Lester |
| 260 ## - PUBLICATION INFORMATION | |
| Place of publication | New York |
| Name of publisher | Pearson Education Inc |
| Year of publication | 2003 |
| 300 ## - DESCRIPTION | |
| Number of Pages | xx. 538 pages : |
| Dimensions | 20cm |
| 500 ## - NOTES | |
| General note | Includes Index |
| 505 ## - FORMATTED CONTENTS NOTE | |
| Table of Content | Part 1. Composing in the Digital Era<br/>Part 2. Writing in College and Beyond<br/>Part 3. Visual Rhetoric<br/>Part 4. Writing for the Web<br/>Part 5. Researching <br/>Part 6. Documenting<br/>Part 7. Effective style and Language<br/>Part 8. Understanding Grammar<br/>Part 9. Understanding punctuation and Mechanics<br/>Part 10. If English is not your first Language <br/> Includes Index |
| 650 ## - SUBJECTS | |
| Topical Term | Grammar |
| 650 ## - SUBJECTS | |
| Topical Term | English Language |
| 650 ## - SUBJECTS | |
| Topical Term | Researching |
| 942 ## - ADDED ENTRY ELEMENTS (KOHA) | |
| Koha item type | Books |
| Withdrawn status | Lost status | Collection code | Home library | Current library | Shelving location | Date acquired | Full call number | Accession Number | Koha item type |
|---|---|---|---|---|---|---|---|---|---|
| Reference | Methodist University Library Main | Methodist University Library Main | General Stacks | 09/02/2013 | PE1408 .F243 | 36759 | Books |